Integrated Chinese Level 4 面试 (Lesson 19) Vocab - Statistics

General Stats
  • This quiz has been taken 66 times
  • The average score is 13 of 43
Answer Stats
English Character % Correct
overseas 海外
73%
cloud
73%
to enter, to get into 进入
64%
abroad 国外
64%
ability, capacity, competence 能力
64%
century 世纪
55%
to be satisfied 满意
55%
wet 湿
55%
to explain 解释
55%
to reply, to answer 回答
55%
to attract, to draw, to fascinate 吸引
45%
manager 经理
45%
stern, serious 严肃
45%
snack 零食
45%
to turn, to shift, to change
36%
notice, to notify, to inform 通知
36%
short term 短期
36%
shortcoming, defect, weakness 缺点
36%
to return, to come back 归来
27%
general, chief
27%
scary, frightening 吓人
27%
product, merchandise 产品
27%
to work overtime, to work extra shifts 加班
27%
awful, terrible, fearful 可怕
27%
to shake hands, to clasp hands 握手
27%
multinational, transnational 跨国
18%
person of ability or talent 人材
18%
to sell, to market 销售
18%
to mail, to send
18%
to be called, to be known as 叫做
9%
sea turtle 海归
9%
upper outer garment, jacket 上衣
9%
why, why on earth, whatever for 干吗
9%
overcast, hidden from the sun
9%
to take someone on staff, to employ 录用
9%
to follow, to continue 接着
9%
since, as, now that 既然
9%
fortunately, luckily 好在
9%
sunny
9%
to be good at, to be adept in 善于
9%
more often than not 往往
9%
merit, strong point, advantage 优点
9%
suit, a set of matching outergarments 套装
0%
No matching quizzes found
Score Distribution
Percent of People with Each Score
Percentile by Number Answered
Your Score History
You have not taken this quiz